1534 1800 1941 1500 1776 1832 1778 1306 1863 1814 1037 1633 1320 1825 1620 1996 1666 1334 1164 1411 1085 1243 1583 1155 1396 1680 1769 1808 1620 1922 1115 1394 1711 1388 1563 1816 1040 1513 1608 1069 1637 1438 1060 1494 1878 1921 1332 1775 1043 1920 1961 1255 1795 1625 1436 1407 1442 1478 1090 1184 1388 1961 1419 1765 1898 1070 1419 1860 1094 1617 1178 1603 1869 1124 1054 1927 1413 1163 1623 1295 1612 1379 1691 1245 1724 1315 1885 1523 1000 1712 1957 1497 1526 1201 1588 1669 1863 1230 1286 BCNSPRNW ULIB Ver.6.0+V

เปลี่ยนเป็นภาษาไทย

Change to English
 แสดงรายละเอียดบรรณานุกรม
  กลับหน้าหลัก

Brief Record : Get Marc (ISO 2709) : E-mail record : QR code < ปิดหน้าต่าง
LEADER : 00000nam 2200000uu 4500
001    13399113197
003     ULIB
008    111003s2551||||th 000 0 tha d
020    9789740473664
050 04 QA76.75^bค126ค 2551
100 0  คณัฐช์อนงค์ อัศวสุนทรางกูร
245 10 คู่มือการใช้งาน Microsoft PowerPoint 2007 /^cคณัฐช์อนงค์ อัศวสุนทรางกูร
260    กรุงเทพฯ :^bสวัสดี ไอที,^c2551
300    362 หน้า :^bภาพประกอบ ;^c22 ซม
505 2  เริ่มต้นติดตั้งโปรแกรม PowerPoint 2007 -- ทำความรู้จักกับโปรแกรมPowerPoint 2007 -- เริ่มต้นจัดการกับงานนำเสนอ -- การแต่งเติมสีสันด้วยชุดรูปแบบ -- การใส่เนื้อหาให้กับภาพนิ่ง -- การแทรกวัตถุลงในภาพนิ่ง -- การแทรกไฟล์มัลติมีเดีย -- สร้างการเชื่อมโยงหลายมิติ (Hyperlink) -- การใส่เอฟเฟ็กต์ภาพเคลื่อนไหวก่อนนำเสนอ -- การนำเสนอภาพนิ่ง -- การสั่งพิมพ์เอกสารประกอบการนำเสนอ -- ความสามารถเพิ่มเติมของ PowerPoint
650  7 ไมโครซอฟต์เพาเวอร์พอยท์
650  7 โปรแกรมคอมพิวเตอร์
945    ^p169^l0^i024123
995    ทศพร
999 ^a ทศพร
รายการนี้ยังไม่มีแท็ก
คุณยังไม่ได้ล็อกอิน คุณสามารถมีกิจกรรมร่วมกับเว็บไซต์ได้ แต่ต้องล็อกอินก่อน ::
  ล็อกอิน

รายการสื่อสารสนเทศ

ลำดับที่ ประเภท เลขเรียก/บาร์โค้ด สถานที่ สถานะ
- ไม่พบข้อมูล -

รายการใกล้เคียง
    ผู้แต่ง [คณัฐช์อนงค์ อัศวสุนทรางกูร]

    หัวเรื่อง [ไมโครซอฟต์เพาเวอร์พอยท์]
    หัวเรื่อง [โปรแกรมคอมพิวเตอร์]

BibComment


ยังไม่เคยถูกคอมเมนท์

คอมเมนท์ทรัพยากรรายการนี้
  คอมเมนท์: คู่มือการใช้งาน M..


 Copyright 2026. Bcnsprnw @Library